• 首页
  • 本馆介绍
  • 公告通知
  • 最新文献
  • 馆藏检索
  • 电子资源
  • 读者导购
  • 参考咨询
  • 我的图书馆
  • 登录
  • 详细信息显示
  • 放入我的书架
  • 预约/预借图书
  • 作者相关作品
  • 分类相关作品
  • 丛书相关作品
  • 出版社相关作品

书目信息

  • 表格格式
  • 工作单格式
  • 卡片格式
题名:
试验设计与建模
    
 
作者: 方开泰 , 刘民千 , 周永道 编
分册:  
出版信息: 北京   高等教育出版社  2011
页数: 307页
开本: 23cm
丛书名:
单 册:
中图分类: TB21 , TB114.1
科图分类:
主题词: 试验设计--高等学校--教材 , 建模系统--高等学校--教材
电子资源:
ISBN: 978-7-04-031415-1
000 01138nam0 2200301 450
001 0102152298
005 20110902105709.0
010    @a978-7-04-031415-1@dCNY31.70
100    @a20110725d2011 em y0chiy0120 ea
101 0  @achi
102    @aCN@b110000
105    @ay z 000yy
106    @ar
200 1  @a试验设计与建模@9Shi Yan She Ji Yu Jian Mo;Mu @f方开泰,刘民千,周永道[编]@b专著@dDesign and modeling of experiments@zeng
210    @a北京@c高等教育出版社@d2011
215    @a307页@d23cm
300    @a高等学校现代统计学系列教材/方开泰主编
330    @a本书阐述了试验设计方法的统计思想、设计的构造方法及建模技术,介绍了包括因子试验设计、正交试验设计、最优回归设计、均匀试验设计、计算机试验的设计、序贯设计及混料试验设计等常用的试验设计方法。
510 1  @aDesign and modeling of experiments@zeng
606 0  @a试验设计@x高等学校@j教材
606 0  @a建模系统@x高等学校@j教材
690    @aTB21@v4
690    @aTB114.1@v4
701  0 @a方开泰@f(1940~)@4编@9fang kai tai
701  0 @a刘民千@4编@9liu min qian
701  0 @a周永道@4编@9zhou yong dao
801  0 @aCN@bAZmarc@c20230902
905    @aBZT@dTB21@e25@f1@sTB21/25
    
    试验设计与建模/方开泰,刘民千,周永道[编]=Design and modeling of experiments.-北京:高等教育出版社,2011
    307页;23cm
    高等学校现代统计学系列教材/方开泰主编
    
    ISBN 978-7-04-031415-1:CNY31.70
    本书阐述了试验设计方法的统计思想、设计的构造方法及建模技术,介绍了包括因子试验设计、正交试验设计、最优回归设计、均匀试验设计、计算机试验的设计、序贯设计及混料试验设计等常用的试验设计方法。
●
相关链接 在五车中查询图书 在当当中查询图书 在豆瓣中查询图书


正题名:试验设计与建模     索取号:TB21/25         预约/预借

序号 登录号 条形码 馆藏地/架位号 状态 备注
1 2000009218   2000009218   旧书回溯/ [索取号:TB21/25] 在馆    
山东省滨州职业学院图书馆 欢迎您!
大连网信软件有限公司© 版权所有